ნორმალური ფორმატი
MARC ფორმატი
ჩანაწერი Corporate Name
ჩანაწერთა რაოდენობა, რომელიც გამოყენებულია: 1
001 - CONTROL NUMBER
- control field: 158
003 - CONTROL NUMBER IDENTIFIER
- control field: GE_BSU
005 - DATE AND TIME OF LATEST TRANSACTION
- control field: 20190411202539.0
008 - FIXED-LENGTH DATA ELEMENTS
- fixed length control field: 190411|| aca||aabn | a|a d
040 ## - CATALOGING SOURCE
- Original cataloging agency: GE_BSU
- Transcribing agency: GE_BSU
110 ## - HEADING--CORPORATE NAME
- Corporate name or jurisdiction name as entry element: კავკასიის ხალხთა საერთაშორისო სამეცნიერო-კვლევითი ინსტიტუტი
670 ## - SOURCE DATA FOUND
- Source citation: Work cat.: (GE_BSU)56734: მელიქიშვილი, ლია., ღირებულების როლი ეთნოკულტურულ პროცესებში : Роль ценностей в этнокультурных процессах : The Roll of values in ethnocultural processes./
